Deute a llarg termini
Descripción Física:
9 volums : gràfics ; 29 cm
Idioma:
Catalán
MARC
| LEADER | 00000nam a2200000Ia 4500 | ||
|---|---|---|---|
| 001 | 21046, 21880, 21232, 21647, 21047, 21881, 21882, 21344, 21191 | ||
| 003 | Arxiu | ||
| 005 | 20260324181510.0 | ||
| 008 | 160829s20042008spc xx s cat c | ||
| 040 | |a AGDB | ||
| 080 | |a FU-25-28, FU-46-14, FU-34-41, FU-42-2, FU-25-29, FU-46-15, FU-46-16, FU-38-1, FU-32-6 | ||
| 245 | 0 | 0 | |a Deute a llarg termini |
| 260 | |a Barcelona : |b Diputació de Barcelona. Àrea de Govern Local. Tresoreria, |c 2004-2008 | ||
| 300 | |a 9 volums : |b gràfics ; |c 29 cm | ||
| 650 | |a Deute |9 46296 | ||
| 650 | |a Entitats financeres |9 46297 | ||
| 710 | 1 | |a Barcelona (Catalunya : Província). |b Servei de Tresoreria |9 55056 | |
| 866 | |a 2004 (3r trim.), 2005 (1r trim., 2n trim.), 2006 (1r trim., 4t trim.), 2007 (1r trim., 4t trim.), 2008 (2n trim., 3r trim.) | ||
| 901 | |a Arxiu | ||
| 942 | |n 1 |2 udc |c ARXIU | ||
| 952 | |0 0 |1 0 |4 0 |6 FU4614 |7 1 |9 53138 |a Arxiu |b Arxiu |d 2023-04-06 |h 2005 (1r trimestre) |o FU-46-14 |p 21880 |r 2016-12-01 00:00:00 |w 2016-12-01 |y ARXIU | ||
| 952 | |0 0 |1 0 |4 0 |7 1 |9 65904 |a Arxiu |b Arxiu |d 2023-03-30 |h 2005 (2n trimestre) |o FU-34-41 |p 21232 |r 2023-03-30 00:00:00 |w 2023-03-30 |y ARXIU | ||
| 952 | |0 0 |1 0 |4 0 |6 FU326 |7 1 |9 65905 |a Arxiu |b Arxiu |d 2023-03-30 |h 2008 (3r trimestre) |l 0 |o FU-32-6 |p 21191 |r 2023-03-30 00:00:00 |w 2023-03-30 |y ARXIU | ||
| 952 | |0 0 |1 0 |4 0 |6 FU381 |7 1 |9 65943 |a Arxiu |b Arxiu |d 2023-04-04 |h 2008 (2n trimestre) |l 0 |o FU-38-1 |p 21344 |r 2023-04-04 00:00:00 |w 2023-04-04 |y ARXIU | ||
| 952 | |0 0 |1 0 |4 0 |6 FU422 |7 1 |9 65981 |a Arxiu |b Arxiu |d 2023-04-05 |h 2006 (1r trimestre) |l 0 |o FU-42-2 |p 21647 |r 2023-04-05 00:00:00 |w 2023-04-05 |y ARXIU | ||
| 952 | |0 0 |1 0 |4 0 |6 FU2528 |7 1 |9 66026 |a Arxiu |b Arxiu |d 2023-04-06 |h 2004 (3r trimestre) |l 0 |o FU-25-28 |p 21046 |r 2023-04-06 00:00:00 |w 2023-04-06 |y ARXIU | ||
| 952 | |0 0 |1 0 |4 0 |6 FU2529 |7 1 |9 66027 |a Arxiu |b Arxiu |d 2023-04-06 |h 2006 (4t trimestre) |l 0 |o FU-25-29 |p 21047 |r 2023-04-06 00:00:00 |w 2023-04-06 |y ARXIU | ||
| 952 | |0 0 |1 0 |4 0 |6 FU4615 |7 1 |9 66030 |a Arxiu |b Arxiu |d 2023-04-06 |h 2007 (1r trimestre) |l 0 |o FU-46-15 |p 21881 |r 2023-04-06 00:00:00 |w 2023-04-06 |y ARXIU | ||
| 952 | |0 0 |1 0 |4 0 |6 FU4616 |7 1 |9 66031 |a Arxiu |b Arxiu |d 2023-04-06 |h 2007 (4r trimestre) |l 0 |o FU-46-16 |p 21882 |r 2023-04-06 00:00:00 |w 2023-04-06 |y ARXIU | ||
| 999 | |c 56987 |d 56987 | ||